<?xml version="1.0" encoding="UTF-8"?>
<record
    xmlns:xsi="http://www.w3.org/2001/XMLSchema-instance"
    xsi:schemaLocation="http://www.loc.gov/MARC21/slim http://www.loc.gov/standards/marcxml/schema/MARC21slim.xsd"
    xmlns="http://www.loc.gov/MARC21/slim">

  <leader>01193    a2200217   4500</leader>
  <controlfield tag="005">20080903124917.0</controlfield>
  <controlfield tag="008">080903t        xxu||||| |||| 00| 0 hin d</controlfield>
  <datafield tag="010" ind1=" " ind2=" ">
    <subfield code="a">HIN-78928</subfield>
  </datafield>
  <datafield tag="020" ind1=" " ind2=" ">
    <subfield code="a">8187978171</subfield>
    <subfield code="c">400.00</subfield>
  </datafield>
  <datafield tag="035" ind1=" " ind2=" ">
    <subfield code="a">HN-51274</subfield>
  </datafield>
  <datafield tag="037" ind1=" " ind2=" ">
    <subfield code="b">D.B.Act / pub</subfield>
  </datafield>
  <datafield tag="245" ind1=" " ind2=" ">
    <subfield code="a">&#x924;&#x928;&#x94D;&#x924;&#x94D;&#x930;&#x94D;-&#x935;&#x93F;&#x92E;&#x930;&#x94D;&#x936;</subfield>
    <subfield code="c">&#x938;&#x902;&#x92A;&#x93E;&#x926;&#x915; &#x938;&#x942;&#x930;&#x94D;&#x92F;&#x92A;&#x94D;&#x930;&#x915;&#x93E;&#x936; &#x935;&#x94D;&#x92F;&#x93E;&#x938;</subfield>
  </datafield>
  <datafield tag="246" ind1=" " ind2=" ">
    <subfield code="a">Tantra Vimarsh</subfield>
  </datafield>
  <datafield tag="260" ind1=" " ind2=" ">
    <subfield code="a">&#x935;&#x93E;&#x930;&#x93E;&#x923;&#x938;&#x940;</subfield>
    <subfield code="b">&#x906;&#x930;&#x94D;&#x92F;&#x92D;&#x93E;&#x937;&#x93E; &#x938;&#x902;&#x938;&#x94D;&#x925;&#x93E;&#x928;</subfield>
    <subfield code="c">2005</subfield>
  </datafield>
  <datafield tag="270" ind1=" " ind2=" ">
    <subfield code="a">&#x92C;&#x940; 2/143 &#x90F;,&#x92D;&#x926;&#x948;&#x928;&#x940;</subfield>
    <subfield code="b">&#x935;&#x93E;&#x930;&#x93E;&#x923;&#x938;&#x940;</subfield>
    <subfield code="e">221001</subfield>
  </datafield>
  <datafield tag="300" ind1=" " ind2=" ">
    <subfield code="a">ix,,250&#x92A;&#x943;</subfield>
    <subfield code="c">22 &#x938;&#x947;&#x92E;&#x940; (&#x938;&#x91C;&#x93F;&#x932;&#x94D;&#x926;)</subfield>
  </datafield>
  <datafield tag="490" ind1=" " ind2=" ">
    <subfield code="a">&#x906;&#x91A;&#x93E;&#x930;&#x94D;&#x92F; &#x930;&#x93E;&#x92E;&#x91A;&#x928;&#x94D;&#x926;&#x94D;&#x930; &#x926;&#x94D;&#x935;&#x93F;&#x935;&#x947;&#x926;&#x940; &#x917;&#x94D;&#x930;&#x928;&#x94D;&#x925;&#x92E;&#x93E;&#x932;&#x93E; : &#x92A;&#x941;&#x937;&#x94D;&#x92A;-13</subfield>
    <subfield code="v">&#x92D;&#x93E;&#x917;-1</subfield>
  </datafield>
  <datafield tag="700" ind1=" " ind2=" ">
    <subfield code="a">&#x935;&#x94D;&#x92F;&#x93E;&#x938;, &#x938;&#x942;&#x930;&#x94D;&#x92F;&#x92A;&#x94D;&#x930;&#x915;&#x93E;&#x936;</subfield>
  </datafield>
  <datafield tag="942" ind1=" " ind2=" ">
    <subfield code="a">dpl</subfield>
    <subfield code="c">HN</subfield>
    <subfield code="k">230.23 / &#x924;&#x928;&#x94D;&#x924;&#x94D;&#x930;&#x935;&#x93F;</subfield>
    <subfield code="2">ddc</subfield>
    <subfield code="h">230.23</subfield>
    <subfield code="m">&#x924;&#x928;&#x94D;&#x924;&#x94D;&#x930;&#x935;&#x93F;</subfield>
  </datafield>
  <datafield tag="999" ind1=" " ind2=" ">
    <subfield code="c">1008</subfield>
    <subfield code="d">1008</subfield>
  </datafield>
  <datafield tag="952" ind1=" " ind2=" ">
    <subfield code="0">0</subfield>
    <subfield code="1">0</subfield>
    <subfield code="4">0</subfield>
    <subfield code="7">1</subfield>
    <subfield code="8">NFIC</subfield>
    <subfield code="a">DBAD</subfield>
    <subfield code="b">DBAD</subfield>
    <subfield code="d">2008-09-03</subfield>
    <subfield code="g">400.00</subfield>
    <subfield code="l">0</subfield>
    <subfield code="o">230.23 &#x924;&#x928;&#x94D;&#x924;&#x94D;&#x930;&#x935;&#x93F;</subfield>
    <subfield code="p">HN-51274</subfield>
    <subfield code="r">2008-09-15 00:00:00</subfield>
    <subfield code="t">1</subfield>
    <subfield code="u">1073</subfield>
    <subfield code="v">400.00</subfield>
    <subfield code="w">2008-09-15</subfield>
    <subfield code="y">HN</subfield>
  </datafield>
</record>
